[Event "FRA-chT2 South 0809"]
[Site "France"]
[Date "2009.03.14"]
[Round "8.3"]
[White "Hadji, Mohamed"]
[Black "Van Hoolandt, Patrick"]
[Result "0-1"]
[WhiteElo "1970"]
[BlackElo "2235"]
[PlyCount "56"]
[EventDate "2008.10.12"]
[EventType "team-tourn"]
[EventRounds "11"]
[EventCountry "FRA"]
[SourceTitle "EXT 2010"]
[Source "ChessBase"]
[SourceDate "2010.11.25"]
[SourceVersion "1"]
[SourceVersionDate "2010.11.25"]
[SourceQuality "1"]
[WhiteTeam "Clermont Ferrand"]
[BlackTeam "Monaco"]
[WhiteTeamCountry "FRA"]
[BlackTeamCountry "FRA"]

1. e4 e5 2. Nf3 Nc6 3. d4 exd4 4. Nxd4 Nf6 5. Bg5 h6 6. Nxc6 bxc6 7. Bxf6 Qxf6 8. c3 Rb8 9. Qd2 Bd6 10. Bc4 0-0 11. 0-0 Qe5 12. g3 Qxe4 13. Bd3 Qf3 14. Re1 Bb7 15. Be4 Qf6 16. Qc2 Bc5 17. b4 Bxb4 18. Re3 Bc5 19. Rf3 Qe7 20. Nd2 d5 21. Bd3 Bc8 22. Nb3 Bd7 23. Qd2 Rbe8 24. Bc2 Bb6 25. Qd3 f5 26. Nd4 Bxd4 27. Qxd4 Qe2 28. Bd1 Qb2 0-1